00476 2200193 4500001002100000005001500021035002000036007000300056008004100059020001800100082001000118084001600128100001700144245004500161260004100206856001700247990000900264990000900273INLIS00000000000080420220907074054 a0010-0922000085ta220907 g 0 ind  a9789792671636 a398.2 a398.2 ANN b0 aAnna Martina1 abenarkan sebenarnya benda malas bergerak ajakarta :bArmandelta Selaras,c2008 aKoleksi Umum a3664 a3665